Sean Schemmel Filmography - Statistics

General Stats
  • This quiz has been taken 26 times
    2 since last reset
  • The average score is 145 of 153
Answer Stats
Type Year Name % Correct
Anime Series 2005 Ah! My Goddess!
100%
Film 2010 Animals United
100%
Anime Series 2007 BECK: Mongolian Chop Squad
100%
Anime Series 2002 Berserk
100%
Anime Film 2014 Berserk: The Golden Age Arc III - The Advent
100%
Anime Film 2013 Berserk: The Golden Age Arc II - The Battle for Doldrey
100%
Anime Film 2012 Berserk: The Golden Age Arc I - The Egg of the King
100%
Video Game 2003 Bionicle
100%
Anime Series 2001 Blue Gender
100%
Anime Film 2004 Blue Gender: The Warrior
100%
Video Game 2007 Bullet Witch
100%
Anime Series 2004 Case Closed
100%
TV Show 2007-2009 Chaotic
100%
TV Show 2015 DC Super Friends
100%
Film 2016 DC Super Hero Girls: Hero of the Year
100%
Anime Series 2007-2010 Dinosaur King
100%
Anime Series 2004 Domain of Murder
100%
Anime Series 2001-2003 Dragon Ball
100%
Anime Series 2024, 2025 Dragon Ball Daima
100%
Video Game 2018 Dragon Ball FighterZ
100%
Anime Series 2003-2005 Dragon Ball GT
100%
Anime Special 2004 Dragon Ball GT: A Hero's Legacy
100%
Video Game 2018 Dragon Ball Legends
100%
Video Game 2009 Dragon Ball: Raging Blast
100%
Video Game 2010 Dragon Ball: Raging Blast 2
100%
Video Game 2024 Dragon Ball: Sparking! Zero
100%
Anime Series 2017-2019 Dragon Ball Super
100%
Film 2019 Dragon Ball Super: Broly
100%
Film 2022 Dragon Ball Super: Super Hero
100%
Video Game 2015 Dragon Ball Xenoverse
100%
Video Game 2016 Dragon Ball Xenoverse 2
100%
Anime Series 1999-2003, 2005 Dragon Ball Z
100%
Anime Special 2000 Dragon Ball Z: Bardock - The Father of Goku
100%
Film 2014 Dragon Ball Z: Battle of Gods
100%
Video Game 2014 Dragon Ball Z: Battle of Z
100%
Anime Film 2005 Dragon Ball Z: Bio-Broly
100%
Anime Film 2004 Dragon Ball Z: Bojack Unbound
100%
Anime Film 2005 Dragon Ball Z: Broly - Second Coming
100%
Anime Film 2003 Dragon Ball Z: Broly - The Legendary Super Saiyan
100%
Video Game 2002 Dragon Ball Z: Budokai
100%
Video Game 2003 Dragon Ball Z: Budokai 2
100%
Video Game 2004 Dragon Ball Z: Budokai 3
100%
Video Game 2005 Dragon Ball Z: Budokai Tenkaichi
100%
Video Game 2006 Dragon Ball Z: Budokai Tenkaichi 2
100%
Video Game 2007 Dragon Ball Z: Budokai Tenkaichi 3
100%
Video Game 2008 Dragon Ball Z: Burst Limit
100%
Anime Film 2002 Dragon Ball Z: Cooler's Revenge
100%
Anime Film 2005 Dragon Ball Z: Dead Zone
100%
Video Game 2016 Dragon Ball Z: Dokkan Battle
100%
Video Game 2012 Dragon Ball Z: For Kinect
100%
Anime Film 2006 Dragon Ball Z: Fusion Reborn
100%
Video Game 2008 Dragon Ball Z: Infinite World
100%
Anime Series 2010-2013, 2017-2018 Dragon Ball Z Kai
100%
Video Game 2020 Dragon Ball Z: Kakarot
100%
Anime Film 2001 Dragon Ball Z: Lord Slug
100%
Film 2015 Dragon Ball Z: Resurrection 'F'
100%
Video Game 2005 Dragon Ball Z: Sagas
100%
Video Game 2006 Dragon Ball Z: Shin Budokai
100%
Video Game 2007 Dragon Ball Z: Shin Budokai - Another Road
100%
Anime Film 2003 Dragon Ball Z: Super Android 13!
100%
Video Game 2004 Dragon Ball Z: Supersonic Warriors
100%
Video Game 2010 Dragon Ball Z: Tenkaichi Tag Team
100%
Anime Film 2002 Dragon Ball Z: The Return of Cooler
100%
Anime Film 2006 Dragon Ball Z: The Tree of Might
100%
Anime Film 2006 Dragon Ball Z: The World's Strongest
100%
Anime Film 2006 Dragon Ball Z: Wrath of the Dragon
100%
Video Game 2015 Fallout 4
100%
Video Game 2013 Gangstar Vegas
100%
Anime Series 2004 Giant Robo: The Day the Earth Stood Still
100%
TV Show 2005-2006 G.I. Joe: Sigma 6
100%
Anime Series 2004 Gokusen
100%
Anime Series 2003 Hades Project Zeorymer
100%
Film 2006 Impy's Island
100%
Anime Film 2005 Kakurenbo: Hide & Seek
100%
TV Show 2006-2008 Kappa Mikey
100%
Anime Series 2004 Kiddy Grade
100%
TV Show 2020-Present LEGO Monkie Kid
100%
TV Special 2015 Lego Scooby-Doo! Knight Time Terror
100%
Anime Film 2005 Lupin III: Island of Assassins
100%
Anime Series 2005 Magical DoReMi
100%
Anime Series 2021 Mars Red
100%
TV Show 2017 Marvel's Spider-Man
100%
Anime Series 2005 Midori Days
100%
Anime Series 2005 Mobile Police Patlabor: The New Files
100%
Anime Series 2010 Mobile Suit Gundam Unicorn
100%
Anime Series 2016 Mobile Suit Gundam Unicorn RE:0096
100%
Anime Series 2004 Munto
100%
Anime Series 2006 Munto 2: Beyond the Walls of Time
100%
Anime Series 2025 My Hero Academia: Vigilantes
100%
Anime Film 2006 Negadon: The Monster from Mars
100%
Anime Series 2006 Ninja Nonsense
100%
Anime Series 2004-2007, 2013 One Piece
100%
Anime Film 2013 One Piece Film: Strong World
100%
Anime Series 2006 Outlanders
100%
TV Show 2009 Pat & Stan
100%
Anime Series 2005 Piano: The Melody of a Young Girl's Heart
100%
Anime Series 2002-2022 Pokémon
100%
Anime Series 2006 Pokémon Chronicles
100%
Anime Series 2023 Pokémon Horizons: The Series
100%
Anime Film 2006 Pokémon: Lucario and the Mystery of Mew
100%
Anime Film 2011 Pokémon: Zoroark: Master of Illusions
100%
Anime Series 2003 Sadamitsu the Destroyer
100%
Anime Series 2005 Samurai 7
100%
Anime Series 2003 Samurai Deeper Kyo
100%
Anime Series 2004 Seven of Seven
100%
Video Game 2006 Shadow Hearts: From the New World
100%
Video Game 2005 Shadow the Hedgehog
100%
TV Show 2011 Shaktimaan Animated
100%
Anime Series 2003-2005 | 2021 Shaman King
100%
Anime Series 2004 Shrine of the Morning Mist
100%
Anime Series 2004 Shura no Toki: Age of Chaos
100%
Video Game 2012 Skullgirls
100%
Video Game 2014 Smite
100%
TV Show 2015 Sofia the First
100%
Anime Series 2003 Space Pirate Mito
100%
TV Show 2008-2009 Speed Racer: The Next Generation
100%
Anime Series 2004 Spiral
100%
Video Game 2006 Super Dragon Ball Z
100%
Video Game 2014 Super Smash Bros. for Nintendo 3DS and Wii U
100%
Video Game 2018 Super Smash Bros. Ultimate
100%
TV Show 2003-2009 Teenage Mutant Ninja Turtles
100%
TV Show 2022 The Casagrandes
100%
Video Game 2012 The Dark Knight Rises
100%
Anime Series 2005-2006 The Galaxy Railways
100%
Anime Film 2003 The Weathering Continent
100%
TV Show 2006-2011 Thumb Wrestling Federation
100%
Film 2014 Time of Eve
100%
Film 2017 Tom and Jerry: Willy Wonka and the Chocolate Factory
100%
TV Show 2016 TripTank
100%
TV Film 2009 Turtles Forever
100%
Anime Series 2002 Ultimate Muscle
100%
TV Show 2006 Viva Piñata
100%
TV Show 2006-2007 Winx Club
100%
TV Show 2006 Wulin Warriors
100%
Anime Series 2008-2011 Yu-Gi-Oh! 5D's
100%
Anime Film 2011 Yu-Gi-Oh! Bonds Beyond Time
100%
Anime Series 2005-2006 Yu-Gi-Oh! Duel Monsters
100%
Anime Series 2005-2008 Yu-Gi-Oh! GX
100%
Anime Series 2011-2015 Yu-Gi-Oh! Zexal
100%
Anime Series 2002 Yu Yu Hakusho
100%
Video Game 2004 Yu Yu Hakusho: Dark Tournament
100%
Anime Series 2022 Berserk: The Golden Age Arc - Memorial Edition
50%
Anime Series 2004 Fullmental Alchemist
50%
TV Film 2023 LEGO Monkie Kid: The Emperor's Wrath
50%
Video Game 2014 Skylanders: Trap Team
50%
Video Game 2015 Sylanders: SuperChargers
50%
Anime Series 2005 Tokyo Mew Mew
50%
Anime Film 2015 009 Re:Cyborg
0%
Documentary 2020 A LEGO Journey to the East
0%
Video Game 2011 Dragon Ball Z: Unlimited Tenkaichi
0%
Video Game 2014 Natural Doctrine
0%
Video Game 2006 One Piece: Grand Adventure
0%
No matching quizzes found
Score Distribution
Percent of People with Each Score
Percentile by Number Answered
Your Score History
You have not taken this quiz since the last reset